Residential Possession Proceedings (Record no. 104730)

MARC details
000 -LEADER
fixed length control field 01631cam a2200325 4500
001 - CONTROL NUMBER
control field ##L131371
008 - FIXED-LENGTH DATA ELEMENTS--GENERAL INFORMATION
fixed length control field 051026n2005 000 0 eng u
020 ## - INTERNATIONAL STANDARD BOOK NUMBER
International Standard Book Number 0421918802
035 ## - SYSTEM CONTROL NUMBER
System control number (Sirsi) u131371
041 0# - LANGUAGE CODE
Language code of text/sound track or separate title eng
050 04 - LIBRARY OF CONGRESS CALL NUMBER
Classification number 346.4104342 $2 18
100 1# - MAIN ENTRY--PERSONAL NAME
Personal name Webber, Gary
245 00 - TITLE STATEMENT
Title Residential Possession Proceedings
250 ## - EDITION STATEMENT
Edition statement 7th ed.
260 ## - PUBLICATION, DISTRIBUTION, ETC.
Place of publication, distribution, etc. London
Name of publisher, distributor, etc. Sweet and Maxwell
Date of publication, distribution, etc. 2005
300 ## - PHYSICAL DESCRIPTION
Extent lxxxviii, 737p
Dimensions 22cm.
350 ## - PRICE (NR) (BK AM CF MU VM SE) [OBSOLETE]
Price 85
505 2# - FORMATTED CONTENTS NOTE
Formatted contents note Termination and the right to possession - - termination and the right to possession particular cases - - the proceedings for possession
520 ## - SUMMARY, ETC.
Summary, etc. This new edition includes chapters on anti-social behaviour and demoted tenancies; guidance on the updated Civil Procedure Rules, together with updated CPR forms, including forms for demoted tenancy proceedings; the effects of the Commonhold and Leasehold Reform Act 2002 and the Land Registration Act 2002; the human rights implications of the HL decision in "Harrow LBC v Qazi" ([2003] UKHL 43, ABS67176) and coverage of other recent case law; unfair terms in tenancy agreements; and advice on how to deal with discrimination issues that arise when dealing with possession against those classified as disabled.
520 ## - SUMMARY, ETC.
Summary, etc. Supercedes 6th ed. (ISBN 0421764104)
590 ## - LOCAL NOTE (RLIN)
Local note IKA170106
650 24 - SUBJECT ADDED ENTRY--TOPICAL TERM
Topical term or geographic name entry element CIVIL PROCEDURE RULES
650 24 - SUBJECT ADDED ENTRY--TOPICAL TERM
Topical term or geographic name entry element COMMONHOLD AND LEASEHOLD REFORM ACT 2002
650 24 - SUBJECT ADDED ENTRY--TOPICAL TERM
Topical term or geographic name entry element LAND REGISTRATION ACT 2002
650 24 - SUBJECT ADDED ENTRY--TOPICAL TERM
Topical term or geographic name entry element HARROW LBC V QAZI
690 ## - LOCAL SUBJECT ADDED ENTRY--TOPICAL TERM (OCLC, RLIN)
Topical term or geographic name as entry element PROPERTY-RESIDENTIAL PROPERTY-RESIDENTIAL LANDLORD AND TENANT
700 1# - ADDED ENTRY--PERSONAL NAME
Personal name Dovar, Daniel
942 ## - ADDED ENTRY ELEMENTS (KOHA)
Suppress in OPAC 0
Holdings
Withdrawn status Lost status Source of classification or shelving scheme Damaged status Not for loan Home library Current library Shelving location Date acquired Total Checkouts Full call number Barcode Date last seen Copy number Price effective from Koha item type
    Dewey Decimal Classification     London London Books 27/01/2006   346.4104342 WEB 30072421 06/08/2019 2 06/08/2019 Book